000 00308nam a22001337a 4500
008 180928b xxu||||| |||| 00| 0 eng d
020 _a9780306453953
041 _aeng
080 _a340
100 _a15
101 _aSHJ
245 _aCurrent Societal concerns about Justice
_cMontada,L
942 _2udc
_cBK
999 _c48677
_d48677